Quick Pick: Count to 20 in Norwegian Quiz Stats

 Plays Quiz Updated Sep 12, 2017

Challenge
Share
Tweet
Embed
Score 0/20 Timer 01:30
0 Plays Today
% Correct
en
94.5%
tre
85.2%
femten
81.8%
elleve
81.2%
sytten
80.8%
tretten
79.4%
nitten
79.3%
seks
79.2%
ni
79%
fjorten
78.6%
% Correct
seksten
78.1%
to
77.4%
atten
75%
fem
71.5%
tolv
71.4%
ti
70.4%
fire
70.1%
├ątte
68.6%
syv
66.8%
tjue
65.5%

Today's Daily Dose

Missing Word
'F' Pairs

Word Ladder
Mixed Synonyms

On This Day
August 15th II

You're not logged in!

Compare scores with friends on all Sporcle quizzes.
Join for Free
OR
Log In

You Might Also Like...

Show Comments

Extras

Top Quizzes Today


Score Distribution

Your Account Isn't Verified!

In order to create a playlist on Sporcle, you need to verify the email address you used during registration. Go to your Sporcle Settings to finish the process.

Report this User

Report this user for behavior that violates our Community Guidelines.

Details: